Statistics for 7 Countries with more Neighbours than their Neighbours on the World Map

Click here to take the quiz!

General Stats

  • This quiz has been taken 133 times
  • The average score is 4 of 7

Answers on the Map

Answers color-coded by a green-red scale on the quiz's map according to % correct below.
 

Answer Stats

Country% Correct
DR Congo
95%
France
77%
Saudi Arabia
70%
Turkey
63%
Serbia
54%
Sudan
47%
Guatemala
43%

Score Distribution

Percentile by Number Answered

Percent of People with Each Score

Your Score History

You have not taken this quiz